Представление документа в формате MARC21

ПолеНазваниеЗначение
  Тип записи a
  Библиографический уровень m
001 Контрольный номер RU/URAIT/589755
005 Дата корректировки 20260429163652.4
008 Кодируемые данные 260429s2026 RU y f j 000 0 rus u
020 Индекс ISBN __
a ISBN 978-5-534-19312-1
c Цена, тираж 849.00
040 Источник каталогиз. __
a Служба первич. каталог. ИКО Юрайт
c Служба, преобразующая запись ИКО Юрайт
e Правила каталог. RCR
041 Код языка издания __
a Код языка текста rus
044 Код страны публикации __
a Код страны публикации RU
080 Индекс УДК __
a Индекс УДК 612(075.8)
084 Индекс другой классификации/Индекс ББК __
2 Источник индекса rubbk
a Индекс другой классификации/Индекс ББК 28.706я73
100 Автор __
a Автор Коротько Г.
q Полное имя Коротько Геннадий Феодосьевич
245 Заглавие __
a Заглавие Физиология лактации, лактодигестии и лактотрофии матери и ребенка
b Продолж. заглавия учебник для вузов
c Ответственность Г. Ф. Коротько, Г. Ю. Модель, Т. Г. Коротько.
256 Характеристики компьютерного файла __
a Характеристики компьютерного файла Электрон. дан.
260 Выходные данные __
a Место издания Москва
b Издательство Юрайт
c Дата издания 2026
300 Физическое описание __
a Объем 179 с
440 Серия __
a Серия Высшее образование
500 Примечания __
a Примечание URL: https://urait.ru/bcode/589755 (дата обращения: 29.04.2026).
520 Аннотация __
a Аннотация В курсе обобщены основные данные отечественной и зарубежной литературы, результаты собственных исследований по физиологии лактации, нутриентном и непищевом составе грудного молока, его гидролазах, их динамике в ходе годовой лактации, механизмах включения в состав молока гидролитических ферментов, сопряжения ферментативных активностей секретов пищеварительных желез матери и ребенка, грудного молока в онтогенезе ребенка. Курс описывает и иллюстрирует все периоды лактации от маммогенеза и лактогенеза до естественного грудного вскармливания детей. Соответствует актуальным требованиям федерального государственного образовательного стандарта высшего образования. Для студентов высших учебных заведений, обучающихся по медицинским направлениям, а также преподавателей, практикующих врачей.
538 Прим. о системных особенностях __
a Прим. о системных особенностях Режим доступа: Электронно-библиотечная система Юрайт, для авториз. пользователей
653 Ключевые слова __
a Ключевые слова Анатомия и физиология. Цитология. Гистология. Эмбриология
653 Ключевые слова __
a Ключевые слова Медицина и фармакология
653 Ключевые слова __
a Ключевые слова Акушерство и гинекология
653 Ключевые слова __
a Ключевые слова Основы физиологии
653 Ключевые слова __
a Ключевые слова Физиология
653 Ключевые слова __
a Ключевые слова Неонатология
653 Ключевые слова __
a Ключевые слова Основы акушерства и гинекологии
653 Ключевые слова __
a Ключевые слова Акушерство, гинекология
653 Ключевые слова __
a Ключевые слова Медицинская и медико-социальная помощь женщине, новорожденному и семье при физиологическом течении беременности, родов, послеродового периода
653 Ключевые слова __
a Ключевые слова Физиология и патология молочной железы
653 Ключевые слова __
a Ключевые слова Общая неонатология
700 Другие авторы __
a Другие авторы Модель Г. Ю.
q Полное имя Модель Галина Юрьевна
700 Другие авторы __
a Другие авторы Коротько Т. Г.
q Полное имя Коротько Татьяна Геннадьевна
856 Электронный адрес документа 40
n Местонахождение сервера Юрайт
g Электронная книга
q Тип электронного формата html
h Имя пользователя ЮРАЙТ
v Часы доступа к ресурсу 20271231
2 Способ доступа Показать документ
x Служебное примечание https://urait.ru/book/cover/ADD2B578-32C1-4793-9A36-4493B990452E
u URL https://urait.ru/bcode/589755
856 Электронный адрес документа 48
q Тип электронного формата cover
u URL https://urait.ru/book/cover/ADD2B578-32C1-4793-9A36-4493B990452E
911 __
u 0030=https://urait.ru/bcode/589755
911 __
u 073a=9785534193121
u 073d=849.00
911 __
u 106a=s
911 __
u 900l=
952 Тип литературы __
i Дисциплина Акушерство и гинекология
952 Тип литературы __
i Дисциплина Основы физиологии
952 Тип литературы __
i Дисциплина Физиология
952 Тип литературы __
i Дисциплина Неонатология
952 Тип литературы __
i Дисциплина Основы акушерства и гинекологии
952 Тип литературы __
i Дисциплина Акушерство, гинекология
952 Тип литературы __
i Дисциплина Медицинская и медико-социальная помощь женщине, новорожденному и семье при физиологическом течении беременности, родов, послеродового периода
952 Тип литературы __
i Дисциплина Физиология и патология молочной железы
952 Тип литературы __
i Дисциплина Общая неонатология